| 000 | 01130nam a2200253 a 4500 | ||
|---|---|---|---|
| 001 | 79312 | ||
| 003 | BD-RjUL | ||
| 005 | 20220202134452.0 | ||
| 008 | 060210s1954 ua 000 0 ara d | ||
| 035 | _a(BD-RjUL)79312 | ||
| 040 |
_aNNL _bara _cBD-RjUL |
||
| 041 | _aara | ||
| 082 |
_223 _a970.04 _bSHS 1954 |
||
| 100 | 1 |
_aShakir, Amin ;; شاكر، امين _91090 |
|
| 245 | 1 | 0 |
_aشمال افريقيا بين الماضى والحاضر والمستقبل ;; shamal afriqia bayn almadaa walhadir walmustaqbal/ _cاشترك فى اعداد هذا الكتاب امين شاكر [و]سعيد العريان [و]مصطفى أمين.;; aishtarak faa aedad hadha alkitab amyn shakir [w]saeid aleuryan [w]mustafaa 'amin. |
| 260 |
_aمصر : _bدار المعارف،;; dar almaearifi, _c[١٩٥٤]. |
||
| 300 | _a٢٠٤، [٢]ص. | ||
| 490 | 1 |
_aaikhtarna lak ; اخترنا لك ؛ _v٨ |
|
| 651 | 4 |
_aAfrica, North _xHistory _y1882- _91091 |
|
| 700 | 1 |
_aAl-Arian, happy ;; العريان، سعيد _91092 |
|
| 700 | 1 |
_aAmin, Mustafa ;; امين، مصطفى _91093 |
|
| 830 | 0 |
_aاخترنا لك ؛ _v٨. _91094 |
|
| 942 |
_2ddc _cBK |
||
| 999 |
_c79312 _d79312 |
||